Music Quiz

Random Music Quiz

Cream's singles Quiz Stats

 Plays Quiz not verified by Sporcle

Challenge
Share
Tweet
Embed
Score 0/10 Timer 08:00
0 Plays Today
Year Song % Correct
1968Sunshine of Your Love
100%
1968White Room
96.6%
1969 Crossroads
82.8%
1969Badge
75.9%
1966I Feel Free
65.5%
1967Strange Brew
55.2%
1968Anyone for Tennis
44.8%
1966Wrapping Paper
34.5%
1967Spoonful
34.5%
1970Lawdy Mama
3.4%

You're not logged in!

Compare scores with friends on all Sporcle quizzes.
Join for Free
OR
Log In

You Might Also Like...

Show Comments

Extras

Created Aug 3, 2010ReportNominate

Top Quizzes Today


Score Distribution

Your Account Isn't Verified!

In order to create a playlist on Sporcle, you need to verify the email address you used during registration. Go to your Sporcle Settings to finish the process.

Report this User

Report this user for behavior that violates our Community Guidelines.

Details: